[Event "Foment Martinenc op-A 23rd"]
[Site "Barcelona"]
[Date "2023.05.13"]
[Round "4"]
[White "Silva Cerda, Mark Valentin"]
[Black "Vasilev, Andrei"]
[Result "1-0"]
[WhiteElo "1670"]
[BlackElo "1842"]
[PlyCount "37"]
[EventDate "2023.04.22"]
[EventType "swiss"]
[EventRounds "9"]
[EventCountry "ESP"]
[SourceTitle "EXT 2024"]
[Source "ChessBase"]
[SourceDate "2023.10.10"]
[SourceVersion "1"]
[SourceVersionDate "2023.10.10"]
[SourceQuality "1"]

1. d4 Nf6 2. c4 c5 3. d5 b5 4. cxb5 a6 5. bxa6 g6 6. Nc3 Bxa6 7. e4 Bxf1 8. Kxf1 d6 9. g3 Bg7 10. Kg2 0-0 11. Nf3 Qa5 12. Re1 Ng4 13. Bd2 Nd7 14. a4 Qb4 15. h3 Nge5 16. Nxe5 Nxe5 17. Nb5 Qc4 18. b3 Qd3 19. Re3 1-0

[Event "Foment Martinenc op-A 23rd"]
[Site "Barcelona"]
[Date "2023.05.06"]
[Round "3"]
[White "Vasilev, Andrei"]
[Black "Herman Gamazo, Isaac"]
[Result "0-1"]
[WhiteElo "1842"]
[BlackElo "1834"]
[PlyCount "94"]
[EventDate "2023.04.22"]
[EventType "swiss"]
[EventRounds "9"]
[EventCountry "ESP"]
[SourceTitle "EXT 2024"]
[Source "ChessBase"]
[SourceDate "2023.10.10"]
[SourceVersion "1"]
[SourceVersionDate "2023.10.10"]
[SourceQuality "1"]

1. d4 Nf6 2. c4 g6 3. Nc3 Bg7 4. e4 d6 5. Be2 0-0 6. Be3 e5 7. d5 a5 8. g4 Na6 9. h4 Nc5 10. f3 h5 11. g5 Nh7 12. Qd2 f6 13. Nh3 f5 14. 0-0-0 Bd7 15. Kb1 Rf7 16. Bxc5 dxc5 17. Bd3 f4 18. Nf2 a4 19. a3 Ra5 20. Bf1 Bf8 21. Nb5 Ra6 22. Bh3 Bxh3 23. Rxh3 Bd6 24. Rhh1 Nf8 25. Nd3 Rd7 26. Rhe1 Qe7 27. Qc3 Rd8 28. Nxf4 c6 29. Nxd6 Rxd6 30. Nd3 Nd7 31. f4 cxd5 32. fxe5 Rdb6 33. exd5 Rb3 34. Qd2 b5 35. cxb5 Ra8 36. Qc2 Qe8 37. e6 Nb6 38. Nf4 c4 39. Qxg6+ Qxg6+ 40. Nxg6 c3 41. Re3 c2+ 42. Kxc2 Rxe3 43. Ne7+ Kf8 44. Nc6 Ke8 45. d6 Rxe6 46. Nb4 Kd7 47. Na6 Rc8+ 0-1

[Event "Barcelona Sant Marti op-A 22nd"]
[Site "Barcelona"]
[Date "2022.07.15"]
[Round "3"]
[White "Paniagua Garcia, Jose Manuel"]
[Black "Vasilev, Andrei"]
[Result "1-0"]
[WhiteElo "2082"]
[BlackElo "1752"]
[PlyCount "105"]
[EventDate "2022.07.13"]
[EventType "swiss"]
[EventRounds "9"]
[EventCountry "ESP"]
[SourceTitle "CBM 209 Extra"]
[Source "ChessBase"]
[SourceDate "2022.09.30"]
[SourceVersion "1"]
[SourceVersionDate "2022.09.30"]
[SourceQuality "1"]

1. e4 c6 2. b3 d5 3. Bb2 dxe4 4. Nc3 Nf6 5. Nge2 Bf5 6. Ng3 Bg6 7. Qe2 Nbd7 8. Ngxe4 e6 9. h4 h6 10. g4 Be7 11. Bg2 Nxe4 12. Bxe4 Bxe4 13. Nxe4 Nf6 14. Ng3 Qa5 15. a3 0-0-0 16. b4 Qd5 17. c4 Qd3 18. f3 c5 19. Bc3 Rd7 20. Qxd3 Rxd3 21. Ke2 Rhd8 22. g5 Ne8 23. Ne4 b6 24. bxc5 Bxc5 25. Nxc5 bxc5 26. Rab1 a6 27. Rb6 R3d6 28. Rhb1 Rxb6 29. Rxb6 Rd6 30. Rxd6 Nxd6 31. Bxg7 h5 32. Bf8 Nxc4 33. Bxc5 Ne5 34. Bf2 Nc4 35. Kd3 Nxa3 36. Kd4 Kd7 37. d3 Nb5+ 38. Ke5 Nd6 39. Kf6 a5 40. g6 fxg6 41. Kxg6 Nf5 42. Kxh5 Kd6 43. Be1 a4 44. Kg5 Kd5 45. Bc3 Kc5 46. h5 a3 47. h6 Nxh6 48. Kxh6 Kd6 49. Kg5 Kd5 50. Kf4 Kd6 51. Ke4 a2 52. Ba1 Ke7 53. f4 1-0

[Event "Barcelona Sant Marti op-A 22nd"]
[Site "Barcelona"]
[Date "2022.07.14"]
[Round "2"]
[White "Vasilev, Andrei"]
[Black "Fabregas Fontanet, Antonio"]
[Result "1-0"]
[WhiteElo "1752"]
[BlackElo "1937"]
[PlyCount "55"]
[EventDate "2022.07.13"]
[EventType "swiss"]
[EventRounds "9"]
[EventCountry "ESP"]
[SourceTitle "CBM 209 Extra"]
[Source "ChessBase"]
[SourceDate "2022.09.30"]
[SourceVersion "1"]
[SourceVersionDate "2022.09.30"]
[SourceQuality "1"]

1. d4 g6 2. c4 Bg7 3. h4 Nf6 4. Nc3 d6 5. e4 Nc6 6. Nf3 Bg4 7. Be2 Nd7 8. Be3 0-0 9. Ng5 Bxe2 10. Nxe2 Nf6 11. f3 e5 12. d5 Na5 13. Rc1 c5 14. g4 h5 15. Ng3 Qd7 16. gxh5 b5 17. hxg6 fxg6 18. h5 gxh5 19. Nf5 Nxc4 20. Rxc4 bxc4 21. Ne6 Ne8 22. Nfxg7 Nxg7 23. Rg1 Rf7 24. Bh6 Kh7 25. Bxg7 Rg8 26. Qd2 Rfxg7 27. Rxg7+ Rxg7 28. Nf8+ 1-0

[Event "Mem Vinas 15th B"]
[Site "Mataro"]
[Date "2019.05.18"]
[Round "3.3"]
[White "Llopis Jordan, Lluis"]
[Black "Vasilev, Andrei"]
[Result "1/2-1/2"]
[WhiteElo "1633"]
[BlackElo "1444"]
[PlyCount "99"]
[EventDate "2019.05.04"]
[EventType "swiss"]
[EventRounds "8"]
[EventCountry "ESP"]
[SourceTitle "EXT 2024"]
[Source "ChessBase"]
[SourceDate "2023.10.10"]
[SourceVersion "1"]
[SourceVersionDate "2023.10.10"]
[SourceQuality "1"]

1. d4 d5 2. c4 c6 3. Nc3 Nf6 4. Bg5 e6 5. cxd5 cxd5 6. e3 Nc6 7. Bd3 Qb6 8. Qb1 Be7 9. a3 Bd7 10. Nge2 Rc8 11. 0-0 Na5 12. b4 Nc4 13. Qa2 Qc7 14. Rfc1 h6 15. Bf4 Bd6 16. Bxd6 Qxd6 17. e4 Ng4 18. e5 Ngxe5 19. dxe5 Qxe5 20. Nd1 0-0 21. a4 Rc7 22. Rc2 Rfc8 23. Rac1 Qd6 24. b5 Ne5 25. Qb3 Nxd3 26. Qxd3 Rxc2 27. Rxc2 Qb4 28. Rxc8+ Bxc8 29. Qc3 Qxc3 30. Ndxc3 Kf8 31. f4 Ke7 32. Kf2 Kd6 33. Ke3 Kc5 34. Kd3 b6 35. Nd4 a6 36. h3 a5 37. Nc6 f6 38. Ne2 g5 39. g3 gxf4 40. gxf4 e5 41. fxe5 fxe5 42. Nxe5 Bxh3 43. Kc3 h5 44. Nd3+ Kd6 45. Kd4 Bf1 46. Ng3 Bxd3 47. Kxd3 h4 48. Nf5+ Kc5 49. Nxh4 Kb4 50. Nf3 1/2-1/2

[Event "Mem Vinas 15th B"]
[Site "Mataro"]
[Date "2019.05.11"]
[Round "2.6"]
[White "Vasilev, Andrei"]
[Black "Sanchez Fontanet, Lluis"]
[Result "1-0"]
[WhiteElo "1444"]
[BlackElo "1440"]
[PlyCount "122"]
[EventDate "2019.05.04"]
[EventType "swiss"]
[EventRounds "8"]
[EventCountry "ESP"]
[SourceTitle "EXT 2024"]
[Source "ChessBase"]
[SourceDate "2023.10.10"]
[SourceVersion "1"]
[SourceVersionDate "2023.10.10"]
[SourceQuality "1"]

1. d4 d5 2. Bf4 Nf6 3. Nf3 Nc6 4. e3 e6 5. Bd3 Be7 6. c3 h6 7. Nbd2 b6 8. Qa4 Bd7 9. Bb5 Nb8 10. Ne5 a6 11. Bxd7+ Nbxd7 12. Nc6 Qc8 13. Nxe7 Kxe7 14. Qc6 Ra7 15. c4 Nb8 16. Qa4 Qd7 17. Qb4+ Ke8 18. Rc1 a5 19. Qb3 Nh5 20. Bg3 Nxg3 21. hxg3 Ke7 22. Qc2 Na6 23. Nf3 Nb4 24. Qb3 f6 25. a3 Nc6 26. Qc2 Nb8 27. Nh4 Kd8 28. Ng6 Re8 29. e4 c6 30. e5 f5 31. Nf4 Rb7 32. Qc3 Ra7 33. Qb3 Rb7 34. Qa4 c5 35. Qxd7+ Rxd7 36. cxd5 exd5 37. dxc5 Rxe5+ 38. Kd2 b5 39. c6 Rc7 40. Rc5 Rxc6 41. Rxb5 Ra6 42. Rxb8+ Kd7 43. Rb7+ Kc6 44. Rxg7 Kb5 45. Nd3 Re4 46. Rc1 Rc4 47. Rxc4 dxc4 48. Rf7 cxd3 49. Rxf5+ Ka4 50. Kxd3 Rb6 51. Kc3 Rb3+ 52. Kc2 Rb6 53. b3+ Kxa3 54. Rxa5+ Kb4 55. Ra4+ Kb5 56. Kc3 Rf6 57. f3 Re6 58. Re4 Ra6 59. g4 Rc6+ 60. Rc4 Re6 61. Kd3 Re1 1-0